S Bahn Bern #3 - Statistiken

Allgemein
  • Dieses Quiz wurde 10 mal gespielt
  • Das Durchschnittsergebnis liegt bei 34 aus 57
Antwortstatistiken
S Bahn Haltestelle % Korrekt
Bern
100%
Bern
100%
S51 Bern
100%
S52 Bern
100%
Belp
89%
Belp
89%
S44 Thun
89%
Wankdorf
89%
Wankdorf
89%
S31 Biel
78%
Europaplatz
78%
Kerzers
78%
Lyss
78%
Brünnen Westside
67%
Brünnen Westside
67%
Bümpliz Nord
67%
Bümpliz Nord
67%
Burgdorf
67%
Ins
67%
Solothurn
67%
Zollikofen
67%
2. Zw Burgdorf Steinhof
56%
Gerlafingen
56%
Gümmenen
56%
Kaufdorf
56%
Kirchberg-Alchenflüh
56%
Lyssach
56%
Münchenbuchsee
56%
Oberburg
56%
Rosshäusern
56%
Schüpfen
56%
Steinbach
56%
Stöckacker
56%
Stöckacker
56%
Sumiswald-Grünen
56%
Toffen
56%
Uetendorf
56%
Uetendorf Allmend
56%
Aefligen
44%
Biberist Ost
44%
Burgistein
44%
Grünenmatt
44%
Hasle-Rüegsau
44%
Kehrsatz
44%
Kehrsatz Nord
44%
Lützelflüh-Goldbach
44%
Müntschemier
44%
Ramsei
44%
Riedbach
44%
Seftigen
44%
Thurnen
44%
Wabern
44%
Weissenbühl
44%
1. Zw Burgdorf Buchmatt
33%
Hindelbank
33%
Utzenstorf
33%
Wiler
33%
Keine übereinstimmenden Quizze gefunden
Verteilung der Resultate
Anzahl Personen mit jedem Resultat
Perzentil nach korrekt beantworteten Fragen
Ihre Resultats-Entwicklung
Sie haben dieses Quiz noch nicht gespielt